Statistics for Turkish Cities(easy)

Click here to take the quiz!

General Stats

  • This quiz has been taken 188 times
  • The average score is 7 of 10

Answer Stats

Answer% Correct
istanbul
99%
ankara
95%
izmir
95%
antalya
78%
trabzon
74%
konya
69%
nevşehir
64%
bursa
63%
eskişehir
54%
edirne
53%

Score Distribution

Percentile by Number Answered

Percent of People with Each Score

Your Score History

You have not taken this quiz